000 00360nam a22001217a 4500
999 _c9740
_d9740
003 OSt
008 201211b ||||| |||| 00| 0 eng d
245 _aIndian Journal of Industrial Relations
250 _a2008(Jul Vol.44 No.1) 2009(Jul Vol.45 No.1, Oct Vol.45 No.2)
260 _aNew Delhi
_bShri Ram Centre
650 _aMechanical Engineering
942 _2ddc
_cBV